Catàleg del Col·legi de Periodistes de Catalunya

Memòria (Registre núm. 2854)

000 -CABECERA
Longitud fija campo de control 00536nam a2200169 a 4500
001 - NÚMERO DE CONTROL
Número de control 2854
003 - IDENTIFICADOR DEL NÚMERO DE CONTROL
Identificador del número de control CDMR
005 - FECHA Y HORA DE LA ÚLTIMA TRANSACCIÓN
Fecha y hora de la última transacción 20250127121951.0
008 - CÓDIGOS DE INFORMACIÓN DE LONGITUD FIJA
Códigos de información de longitud fija 130130s1926||||||||||||||||||||||||||||d
040 ## - FUENTE DE LA CATALOGACIÓN
Centro catalogador de origen CDMR
Lengua de catalogación cat
Centro transcriptor CDMR
110 2# - PUNTO DE ACCESO PRINCIPAL-NOMBRE DE ENTIDAD CORPORATIVA
Nombre de entidad corporativa o nombre de jurisdicción como elemento inicial Associació de la Premsa de Sabadell
9 (RLIN) 2102
245 10 - MENCIÓN DE TÍTULO
Título Memòria
Mención de responsabilidad, etc. / Associació de la Premsa de Sabadell
260 ## - PUBLICACIÓN, DISTRIBUCIÓN, ETC. (PIE DE IMPRENTA)
Lugar de publicación, distribución, etc. Sabadell
Nombre del editor, distribuidor, etc. : l'Associació,
Fecha de publicación, distribución, etc. [191-]-[193-]
856 ## - LOCALIZACIÓN Y ACCESO ELECTRÓNICO
Identificador Uniforme del Recurso (URI) <a href="https://arca.bnc.cat/arcabib_pro/ca/consulta/registro.do?id=2748">https://arca.bnc.cat/arcabib_pro/ca/consulta/registro.do?id=2748</a>
Nota pública Accés lliure (ARCA)
942 ## - ENTRADA DE ELEMENTOS AGREGADOS (KOHA)
Koha [por defecto] tipo de item Monografies
Fuente de clasificaión o esquema
Fons
Suprimido Perdido Estropeado No para pr&eacute;stamo Localizaci&oacute;n permanente Localizaci&oacute;n actual Fecha adquisici&oacute;n Pr&eacute;stamos totales Signatura completa C&oacute;digo de barras Fecha &uacute;ltima consulta Fecha del precio de reemplazo Tipo de item de Koha
        Centre de Documentació Montserrat Roig Centre de Documentació Montserrat Roig 2013-01-16   Du (1924-1926) Du960683201301161252 2013-01-16 2013-01-16 Reserva / Històric

Implantat amb Koha